000 00352nam a2200121Ia 4500
008 240731s9999 xx 000 0 und d
022 _a1479-1811
245 0 _aJournal of Change Management : Reframing Leadership and Organizational Practice
260 _bRoutledge
856 _uhttps://www.tandfonline.com/loi/rjcm20
942 _2ddc
942 _cTFEJ
999 _c77506
_d77506
945 _a1
_bMadushi Gamage
_c1
_dMadushi Gamage